000 01155cam a2200313 a 4500
001 16343059
003 SISC
005 20170126093708.0
008 100721s2003 caua b 001 0 eng
010 _a 2010483033
020 _a9781933895468
020 _a0966963563
040 _aDLC
_cDLC
050 0 0 _aHD 62.5
_b.Ab344 2014
082 0 0 _a658.4/012
100 1 _aAbrams, Rhonda M.
245 1 4 _aThe successful business plan :
_bsecrets & strategies /
_cRhonda M. Abrams ; foreword by Eugene Kleiner.
250 _a4th edition.
260 _aPalto Alto, Calif. :
_bPlanning Shop,
_c2003.
300 _axxxvi, 417 pages :
_billustrations ;
_c28 cm.
500 _aIncludes bibliographical references and index.
650 0 _aNew business enterprises
_xPlanning.
650 0 _aBusiness planning.
650 0 _aNew business enterprises
_xManagement.
650 0 _aNew business enterprises
_xFinance.
906 _a7
_bcbc
_corigcop
_d2
_encip
_f19
_gy-gencatlg
942 _2lcc
_cBK
999 _c291505
_d291505